[Event "NimzoIndian thematic"]
[Site "SchemingMind.com"]
[Date "2011.12.01"]
[Round "-"]
[White "otsenrechess"]
[Black "jtrochez1"]
[Result "0-1"]
[WhiteCountry "HUN"]
[BlackCountry "HON"]
[WhiteElo "1823"]
[WhiteRD "45"]
[BlackElo "1656"]
[BlackRD "48"]
[GameID "298041"]

1. d4 Nf6 2. c4 e6 3. Nc3 Bb4 4. f3 Bxc3+ 5. bxc3 h6 6. e3 O-O 7. Bd3 d6 8. Ne2 e5 9. e4 c6 10. O-O b6
0-1

[Event "NimzoIndian thematic"]
[Site "SchemingMind.com"]
[Date "2011.12.01"]
[Round "-"]
[White "vickyngo"]
[Black "jtrochez1"]
[Result "1-0"]
[WhiteCountry "VEN"]
[BlackCountry "HON"]
[WhiteElo "2325"]
[WhiteRD "134"]
[BlackElo "1625"]
[BlackRD "51"]
[GameID "298042"]

1. d4 Nf6 2. c4 e6 3. Nc3 Bb4 4. e3 Bxc3+ 5. bxc3 O-O 6. Bd3 d5 7. Nf3 Ne4 8. Qc2 Nf6 9. Ba3 Re8 10. Ng5 Ne4
11. Nxe4 dxe4 12. Bxe4 f5 13. Bf3 Qh4 14. O-O e5 15. Bd5+ Kh8 16. Bf7 Rd8 17. dxe5 Nc6 18. f4 Bd7 19. Rf3 Nxe5 20. fxe5 g6
21. Bxg6 f4 22. Rxf4 Qh6 23. Bf7 Bc6 24. Be7 Rdb8 25. Bf6+
1-0

[Event "NimzoIndian thematic"]
[Site "SchemingMind.com"]
[Date "2011.12.01"]
[Round "-"]
[White "eun77"]
[Black "jtrochez1"]
[Result "0-1"]
[WhiteCountry "ISR"]
[BlackCountry "HON"]
[WhiteElo "1263"]
[WhiteRD "69"]
[BlackElo "1553"]
[BlackRD "50"]
[GameID "298043"]

1. d4 Nf6 2. c4 e6 3. Nc3 Bb4 4. a3 Bxc3+ 5. bxc3 d5 6. e3 O-O 7. c5 c6 8. Nf3 Nbd7 9. Bd3 Ne4 10. Bxe4 dxe4
11. Nd2 f5 12. O-O g6 13. f3 exf3 14. Nxf3 Nf6 15. Ne5 Bd7 16. Nf3 Ne4 17. Bb2 Qc7 18. Ne5 Rad8 19. Nxd7 Rxd7 20. Rc1 Rdf7
21. Qe2 f4 22. Rf3 Rf5 23. Rcf1 Ng5 24. e4 Nxf3+
0-1

[Event "NimzoIndian thematic"]
[Site "SchemingMind.com"]
[Date "2011.12.01"]
[Round "-"]
[White "Goncharov"]
[Black "jtrochez1"]
[Result "1-0"]
[WhiteCountry "UKR"]
[BlackCountry "HON"]
[WhiteElo "2098"]
[WhiteRD "126"]
[BlackElo "1626"]
[BlackRD "49"]
[GameID "298044"]

1. d4 Nf6 2. c4 e6 3. Nc3 Bb4 4. Bg5 Bxc3+ 5. bxc3 d6 6. Nf3 Nbd7 7. e3 c6 8. Qc2 Qc7 9. Bd3 d5 10. O-O O-O
11. Bf4 Qa5 12. Bd6 Re8 13. h3 c5 14. Rfb1 a6 15. Nd2 cxd4 16. cxd4 dxc4 17. Nxc4 Qg5 18. a4 e5 19. dxe5 Nd5 20. Bxh7+ Kh8
21. Be4 Ne7 22. f4 Qg3 23. Bb4 Qh4 24. Nd6 Rf8 25. Qd1 a5 26. Be1 Qh6 27. Nxc8 Raxc8 28. Qxd7 f5 29. Bxb7 Rce8 30. Bxa5 g5
31. Bb4 Rg8 32. Bxe7 Rxe7 33. Qxe7 gxf4 34. exf4 Qxh3 35. Qf6+ Kh7 36. Qf7+
1-0

[Event "NimzoIndian thematic"]
[Site "SchemingMind.com"]
[Date "2011.12.01"]
[Round "-"]
[White "essam100"]
[Black "jtrochez1"]
[Result "1-0"]
[WhiteCountry "EGY"]
[BlackCountry "HON"]
[WhiteElo "1801"]
[WhiteRD "162"]
[BlackElo "1625"]
[BlackRD "51"]
[GameID "298045"]

1. d4 Nf6 2. c4 e6 3. Nc3 Bb4 4. Qc2 d5 5. Bg5 Be7 6. Nf3 Nbd7 7. e3 c6 8. O-O-O h6 9. Bh4 Ng8 10. Bg3 Ngf6
11. Bd3 O-O 12. Ne5 Nxe5 13. dxe5 Nd7 14. h4 f5 15. exf6 Nxf6 16. Bg6 Bd6 17. Bxd6 Qxd6 18. f3 Qb4 19. g4 Bd7 20. g5 Be8
21. gxf6 Bxg6 22. Qxg6 Rxf6 23. Qg3 Qxc4 24. Rhg1 Rf7 25. Rd4 Qa6 26. Rg4 g5 27. hxg5 h5 28. Rh4 b5 29. Rxh5 Qb7 30. Rgh1 Kf8
31. Qd6+ Qe7 32. Rh8+ Kg7 33. Qe5+
1-0

[Event "NimzoIndian thematic"]
[Site "SchemingMind.com"]
[Date "2011.12.01"]
[Round "-"]
[White "DimonM"]
[Black "jtrochez1"]
[Result "0-1"]
[WhiteCountry "INT"]
[BlackCountry "HON"]
[WhiteElo "1336"]
[WhiteRD "221"]
[BlackElo "1626"]
[BlackRD "49"]
[GameID "298046"]

1. d4 Nf6 2. c4 e6 3. Nc3 Bb4 4. Qc2 Bxc3+ 5. Qxc3 h6 6. e3 O-O 7. Nf3 d6 8. Bd3 Nbd7 9. O-O d5 10. cxd5 Nxd5
11. Qc2 Nb4 12. Qb1 Nxd3 13. Qxd3 c6
0-1